Statistics for Least Corrupt non-OECD Countries

Click here to take the quiz!

General Stats

  • This quiz has been taken 34 times
  • The average score is 15 of 25

Answer Stats

Overall RankCPIAnswer% Correct
485Singapore
84%
2865Taiwan
81%
3062Qatar
74%
2171United Arab Emirates
74%
5153Saudi Arabia
68%
2171Uruguay
68%
3461Botswana
65%
4456Costa Rica
65%
5652Mauritius
65%
5652Oman
65%
4158Cyprus
61%
2964Bahamas
58%
3062Barbados
58%
3560Brunei
58%
5054Malta
58%
4855Saint Lucia
58%
4855Dominica
55%
5153Malaysia
55%
3959Saint Vincent and the Grenadines
55%
5153Grenada
52%
2568Bhutan
45%
4158Cape Verde
45%
5652Namibia
42%
4456Georgia
35%
5153Rwanda
32%

Score Distribution

Percentile by Number Answered

Percent of People with Each Score

Your Score History

You have not taken this quiz